LIBRARY & INFORMATION CENTRE, KCAET, TAVANUR

ONLINE PUBLIC ACCESS CATALOGUE (OPAC)

Sardar vallabhai,part-1 / (Record no. 8341)

MARC details
000 -LEADER
fixed length control field 00450cam a2200181ua 4500
041 ## - LANGUAGE CODE
Language code of text/sound track or separate title hin
082 ## - DEWEY DECIMAL CLASSIFICATION NUMBER
Classification number 891.54
Item number NAR/SA
100 ## - MAIN ENTRY--AUTHOR NAME
Personal name Narhir Da, Parikh .
245 ## - TITLE STATEMENT
Title Sardar vallabhai,part-1 /
250 ## - EDITION STATEMENT
Edition statement 1 /
260 ## - PUBLICATION, DISTRIBUTION, ETC. (IMPRINT)
Place of publication Ahmadabad :
Name of publisher Navajivan publishing house ,
Year of publication 1951.
300 ## - PHYSICAL DESCRIPTION
Number of Pages 544 ; .
942 ## - ADDED ENTRY ELEMENTS (KOHA)
Koha item type Books
Holdings
Withdrawn status Lost status Damaged status Home library Current library Date acquired Full call number Accession Number Koha item type
Withdrawn     KAUAET Sanskrit University 07/04/2012 891.54 3254 Books
free website counter